00944nam a2200241 4500003000400000005001700004008004100021040001800062050002100080100005300101245006200154264006600216300001800282336002200300337002400322338002400346650005000370650007300420710009700493710008300590942001200673999001700685OSt20260530113858.0260420b1994 mx a|||| |||| 00| 0 spa d aICIbspacICI aRA9 4.M64 bM4241 aInstituto de Ingeniería UNAM • ISSSTE93198500a Ultima piedra : bCentro Medico Nacional 20 de noviembre 1b ISSSTE : bUNAM, Instituto de Ingenieria, c1994aMéxico : a206 páginas atexto2rdacontent asin medio2rdamedia avolumen2rdacarrier aCentro Medico Nacional 20 de Noviembre931986 aEdificios sanitarios |x Diseño y construcción z México9319872 aInstituto de Seguridad y Servicios Sociales de los Trabajadores del Estado (México)9319882 aUniversidad Nacional Autónoma de México.bInstituto de Ingeniería931989 2lcccBK c11703d11703